| 000 | 00651nam a2200193 4500 | ||
|---|---|---|---|
| 003 | OSt | ||
| 005 | 20240718074430.0 | ||
| 006 | a | ||
| 008 | 240718b |||||||| |||| 00| 0 eng d | ||
| 020 | _a9719345012 | ||
| 040 |
_aDWCL-Main lib. _cOC |
||
| 082 | _aFil. 941 P552 2006 | ||
| 245 | _aPhilippine politics and governance: an introduction / | ||
| 260 |
_aQuezon City: _bDepartment of Political Science, College of Social Sciences and Philosophy, _cc2006. |
||
| 300 |
_axxiv, _b588 p. ; _c25 cm. |
||
| 504 | _aIncludes bibliographical references and index. | ||
| 650 | _a1. Philippines-Politics and government. | ||
| 942 |
_2ddc _n0 _cBK - FIL _kFil. |
||
| 999 |
_c2386 _d2386 |
||